<?xml version="1.0" encoding="UTF-8"?>
<record
    xmlns:xsi="http://www.w3.org/2001/XMLSchema-instance"
    xsi:schemaLocation="http://www.loc.gov/MARC21/slim http://www.loc.gov/standards/marcxml/schema/MARC21slim.xsd"
    xmlns="http://www.loc.gov/MARC21/slim">

  <leader>01962    a2200241   4500</leader>
  <controlfield tag="001">39249</controlfield>
  <controlfield tag="005">20260407155651.0</controlfield>
  <controlfield tag="008">260407a1985    arg                 spa d</controlfield>
  <controlfield tag="003">AR-UNSa-BCEJYS</controlfield>
  <datafield tag="040" ind1=" " ind2=" ">
    <subfield code="a">AR-UNSa-BCEJYS</subfield>
    <subfield code="b">spa</subfield>
    <subfield code="c">AR-UNSa-BCEJYS</subfield>
  </datafield>
  <datafield tag="080" ind1=" " ind2=" ">
    <subfield code="a">336.74</subfield>
    <subfield code="x">Moneda. Sistema monetario</subfield>
  </datafield>
  <datafield tag="245" ind1="1" ind2="0">
    <subfield code="a">La reforma monetaria</subfield>
    <subfield code="p">el austral (Decreto 1096/85)</subfield>
  </datafield>
  <datafield tag="020" ind1=" " ind2=" ">
    <subfield code="a">950-21-0764-0</subfield>
  </datafield>
  <datafield tag="264" ind1=" " ind2="1">
    <subfield code="a">Buenos Aires :</subfield>
    <subfield code="b">Plus Ultra</subfield>
    <subfield code="c">1985</subfield>
  </datafield>
  <datafield tag="300" ind1=" " ind2=" ">
    <subfield code="a">203 p.</subfield>
    <subfield code="c">20 cm.</subfield>
  </datafield>
  <datafield tag="505" ind1=" " ind2=" ">
    <subfield code="a">1. Introducci&#xF3;n - 2. El Decreto N&#xBA; 1096/85 - 3. La econom&#xED;a de guerra - 4. Funciones de la moneda - 5. Inflaci&#xF3;n y deflaci&#xF3;n. Revaluaci&#xF3;n y devaluaci&#xF3;n - 6. Estrategias sindical y empresaria - 7. El desagio - 8. Nominalismo y valoralismo - 9. Dirigismo y liberalismo - 10. La nueva moneda: El austral - 11. Los saldos en cuenta corriente y cuenta de ahorro. Ordenes  de pago y cheques - 12. Obligaciones de dar sumas de dinero - 13. Obligaciones  que no sean de dar sumas de dinero -14. Obligaciones de Derecho privado y de derecho p&#xFA;blico - 15. Obligaciones de dar sumas de dinero no sujetas a cl&#xE1;usulas de estabilizaci&#xF3;n - 16. Obligaciones de dar sumas de dinero sujetas a cl&#xE1;usulas de estabilizaci&#xF3;n - 17. Casu&#xED;stica - 18. Las relaciones creditorias laborales y previsionales del art. 7&#xBA; del Dec. N&#xBA; 1096/85 - 19. Proyecci&#xF3;n del Reglamento monetario sobre las convenciones de las partes y las cl&#xE1;usulas de ajuste - 20. Limitaci&#xF3;n del monto de los intereses punitorios en las obligaciones sujetas a ajustes - 21. Autorizaciones, m&#xE1;rgenes o limites fijados en los actos jur&#xED;dicos - 22. Invalidez de reajustes referidos a per&#xED;odos previos a la reforma monetaria en las obligaciones pactadas en australes - 23. R&#xE9;gimen de recibos y carta de pago de oligaciones pendientes de cumplimiento</subfield>
  </datafield>
  <datafield tag="041" ind1=" " ind2=" ">
    <subfield code="a">spa</subfield>
  </datafield>
  <datafield tag="942" ind1=" " ind2=" ">
    <subfield code="c">BK</subfield>
  </datafield>
  <datafield tag="590" ind1=" " ind2=" ">
    <subfield code="a">niveau_biblio:m niveau_hierar:0</subfield>
  </datafield>
  <datafield tag="100" ind1="1" ind2=" ">
    <subfield code="a">Adrogu&#xE9;, Manuel Ignacio</subfield>
  </datafield>
  <datafield tag="650" ind1=" " ind2=" ">
    <subfield code="a">AUSTRAL</subfield>
  </datafield>
  <datafield tag="650" ind1=" " ind2=" ">
    <subfield code="a"> austral </subfield>
  </datafield>
  <datafield tag="999" ind1=" " ind2=" ">
    <subfield code="c">2989</subfield>
    <subfield code="d">2989</subfield>
  </datafield>
  <datafield tag="952" ind1=" " ind2=" ">
    <subfield code="0">0</subfield>
    <subfield code="1">0</subfield>
    <subfield code="4">0</subfield>
    <subfield code="7">0</subfield>
    <subfield code="a">BCEJYS</subfield>
    <subfield code="b">BCEJYS</subfield>
    <subfield code="c">16</subfield>
    <subfield code="d">2026-04-07</subfield>
    <subfield code="l">0</subfield>
    <subfield code="o">336.74 A242</subfield>
    <subfield code="p">L125641</subfield>
    <subfield code="r">2026-04-07 15:56:51</subfield>
    <subfield code="w">2026-04-07</subfield>
    <subfield code="y">L</subfield>
  </datafield>
</record>
